1089 1604 1614 1225 2000 1603 1743 1164 1342 1617 1502 1763 1358 1396 1002 1513 1266 1421 1004 1602 1551 1602 1728 1082 1341 1632 1873 1857 1318 1158 1538 1412 1789 1684 1480 1797 1490 1324 1165 1287 1106 1349 1313 1209 1460 1952 1039 1802 1198 1621 1771 1708 1817 1479 1439 1489 1686 1525 1045 1631 1101 1503 1947 1969 1790 1822 1006 1821 1562 1806 1065 1546 1133 1750 1806 1684 1963 1048 1491 1054 1606 1841 1407 1436 1962 1970 1536 1779 1587 1848 1910 1299 1717 1782 1364 1489 1714 1582 1992 BCNSPRNW ULIB Ver.6.0+V

เปลี่ยนเป็นภาษาไทย

Change to English
 แสดงรายละเอียดบรรณานุกรม
  กลับหน้าหลัก

Brief Record : Get Marc (ISO 2709) : E-mail record : QR code < ปิดหน้าต่าง
LEADER : 00000nam a2200000Ia 4500
001    13399114495
003     ULIB
008    960108c19859999us a ss 0 eng d
020    ^a9781574393194
060 04 ^aQV38^bD794
245 00 ^aDrug :^bfacts and comparisons 2011
246 10 ^aDrug facts and comparisons
260    ^aSt. Louis :^bFacts and Comparisons,^c2003-<2010>
300    ^a 3633pp ;^c28 cm. +^e1 computer optical disc
310    ^aAnnual
362 0  ^a2003-<2010>
500    ^aeditors vary
500    ^aDescription based on 1985
650  2 ^aPharmaceutical Preparations^xCatalogs
650  2 ^aCatalogs, Drug
650  2 ^aDrugs^vhandbooks
710 2  ^aFacts and Comparisions Division
740 02 ^aDrug facts and comparisons 1981-<2012>
995    ^a Kesorn
999 ^a ใช้งานได้ทุกระบบ
รายการนี้ยังไม่มีแท็ก
คุณยังไม่ได้ล็อกอิน คุณสามารถมีกิจกรรมร่วมกับเว็บไซต์ได้ แต่ต้องล็อกอินก่อน ::
  ล็อกอิน

รายการสื่อสารสนเทศ

ลำดับที่ ประเภท เลขเรียก/บาร์โค้ด สถานที่ สถานะ
- ไม่พบข้อมูล -

BibComment


ยังไม่เคยถูกคอมเมนท์

คอมเมนท์ทรัพยากรรายการนี้
  คอมเมนท์: Drug facts and ..


 Copyright 2026. Bcnsprnw @Library